000
00270nam a2200097Ia 4500
001
1229518
005
20250827093103.0
008
250824s9999 xx 000 0 und d
245
0
_a
ŞAPKA SEPET OLDU
_c
AYSEL KORKUT
260
_b
ALTIN KİTAPLAR YAYINLARI
999
_c
1229518
_d
1229518